Countries with the Largest LGBTQI+ Population - Statistics

General Stats
  • This quiz has been taken 446 times
    444 since last reset
  • The average score is 16 of 20
Answer Stats
Answer % Correct
United States
100%
France
97%
United Kingdom
96%
Canada
95%
Brazil
94%
Spain
94%
Germany
92%
Italy
92%
Australia
90%
Mexico
90%
Sweden
88%
Netherlands
87%
Argentina
84%
Belgium
81%
Chile
73%
Ireland
73%
Thailand
63%
South Africa
61%
Turkey
54%
Singapore
24%
No matching quizzes found
Score Distribution
Percent of People with Each Score
Percentile by Number Answered
Your Score History
You have not taken this quiz since the last reset